Estatísticas para Capitais que Começam com H

Clique aqui para jogar o quiz

Estatísticas Gerais

  • Esse quiz foi jogado 23 vezes
  • A pontuação média é 3 de 5

Estatísticas das Respostas

Resposta% Correto
Havana
73%
Helsínquia
64%
Hanói
55%
Harare
55%
Honiara
27%

Distribuição das Pontuações

Percentil de Números Respondidos

Porcentagem de Pessoas com Cada Pontuação

Sua Pontuação Histórica

Você não jogou esse quiz